| 000 | 01174nam a22002657a 4500 | ||
|---|---|---|---|
| 999 |
_c1495 _d1495 |
||
| 003 | AR-CdUCM | ||
| 008 | 190227b ||||| |||| 00| 0 spa d | ||
| 020 | _a9786124686535 | ||
| 040 |
_aMUNICIPALIDAD PROVINCIAL DEL CUSCO _cBIBLIOTECA MUNICIPAL DEL CUSCO |
||
| 082 |
_a985.05 / _bG8 |
||
| 100 |
_aMc Evoy, Carmen _95661 |
||
| 245 |
_aLa guerra maldita : _bDomingo Nieto y su correspondencia 1834 - 1944 / _cCarmen Mc Evoy |
||
| 260 |
_aLima : _bDirección Desconcentrada de Cultura Cusco, _c2015. |
||
| 300 |
_a2 tomos ; _c21 cm. |
||
| 505 | _aContenido: t.1 -- Cartas de Domingo Nieto (1834-1842) -- Otras corresponsales de Nieto -- Cartas de Pedro Bermúdez (1833-1843) -- Cartas de Pedro Cisneros (1836-1844) ... t.2 --Cartas de Manuel Gonzáles del Valle (1833-1837) -- Cartas de Francisco Méndez (1834-1842) -- Cartas de José Clemente Peralta (1836-1838) ... | ||
| 650 |
_aMilitarismo _95662 |
||
| 650 |
_aHistoria republicana _95663 |
||
| 650 |
_aÉpoca republicana _9202 |
||
| 650 |
_aSiglo XIX _9971 |
||
| 650 |
_aCorrespondencia _95664 |
||
| 650 |
_aPolítica y gobierno _92693 |
||
| 650 |
_aPerú _935 |
||
| 942 |
_2ddc _cLIBROS |
||
| 945 |
_aacv _d2019-02-27 |
||